00000000cas 2200000zi 4500
0019.933254
003CaOODSP
00520260423135203
006m     o  d f      
007cr cn ||||||||
008240201c20229999oncar p o    f0###b0fre|d
022 |a2819-0351
040 |aCaOODSP|bfre|erda|cCaOODSP
043 |an-cn---
0861 |aDP2-10F-PDF
222 0|aSurveillance des contrôles internes
24500|aSurveillance des contrôles internes : |brapport final.
264 1|a[Ottawa] : |bCommission d'examen des plaintes concernant la police militaire, |c[2021]-
310 |aAnnuel
336 |atexte|btxt|2rdacontent/fre
337 |ainformatique|bc|2rdamedia/fre
338 |aressource en ligne|bcr|2rdacarrier/fre
3621 |aParaît depuis : 2021/2022.
500 |aPublié aussi en anglais sous le titre : Internal controls monitoring : final report.
500 |a« Présenté par : Samson. »
515 |aLes livraisons de 2021/2022- également datées Version 31 décembre 2021-
588 |aDescription d'après : 2021/2022; titre de la page couverture du fichier PDF.
588 |aDernière livraison consultée : 2024/2025.
61016|aCanada. |bCommission d'examen des plaintes concernant la police militaire|vPériodiques.
650 6|aFinances publiques|zCanada|xAudit|vPériodiques.
655 7|aPériodiques|2rvmgf
7101 |aCanada. |bCommission d'examen des plaintes concernant la police militaire, |eorganisme de publication.
7102 |aSamson et associés, |eauteur.
77508|tInternal controls monitoring : |w(CaOODSP)9.933255